Land vs. Land #83 - Statistiken

Allgemein
  • Dieses Quiz wurde 18 mal gespielt
  • Das Durchschnittsergebnis liegt bei 13 aus 14
Antwortstatistiken
Frage Antwort % Korrekt
...Bruttoinlandsprodukt? Rumänien🇷🇴
100%
...Fläche? Rumänien🇷🇴
94%
...Gesundheitswesen? Rumänien🇷🇴
94%
...durchschnittlicher IQ? Rumänien🇷🇴
94%
...Exportmengen? Rumänien🇷🇴
94%
...Gewinner? Rumänien🇷🇴
94%
...Einwohner? Rumänien🇷🇴
89%
...Bruttoinlandsprodukt pro Kopf? Rumänien🇷🇴
89%
...Tourismus? Rumänien🇷🇴
89%
...HDI (Human Development Index)? Rumänien🇷🇴
89%
...Lebenserwartung? Rumänien🇷🇴
89%
...Frieden? Rumänien🇷🇴
89%
...Militär? Rumänien🇷🇴
78%
...Happy Planet Index? Rumänien🇷🇴
78%
Keine übereinstimmenden Quizze gefunden
Verteilung der Resultate
Anzahl Personen mit jedem Resultat
Perzentil nach korrekt beantworteten Fragen
Ihre Resultats-Entwicklung
Sie haben dieses Quiz noch nicht gespielt